Training and Development/ (Record no. 190284)
[ view plain ]
| 000 -LEADER | |
|---|---|
| fixed length control field | 00691nam a22002057a 4500 |
| 005 - DATE AND TIME OF LATEST TRANSACTION | |
| control field | 20220810160137.0 |
| 010 ## - LCCN (DPL NO) | |
| LC control number | ENG-134392 |
| 020 ## - INTERNATIONAL STANDARD BOOK NUMBER | |
| International Standard Book Number | 978380831220 |
| Terms of availability | 118.00 |
| 035 ## - SYSTEM CONTROL NUMBER | |
| System control number | EN-117334 |
| 037 ## - SOURCE OF ACQUISITION | |
| Source of stock number/acquisition | DBAD/PUB |
| 082 ## - DEWEY DECIMAL CLASSIFICATION NUMBER | |
| Classification number | 658.3124 |
| 100 ## - MAIN ENTRY--PERSONAL NAME | |
| Personal name | S Sujana |
| 245 ## - TITLE STATEMENT | |
| Title | Training and Development/ |
| Statement of responsibility, etc | by S Sujan; A Santoshi Roopa; ed by Lakshmi Rawat |
| 260 ## - PUBLICATION, DISTRIBUTION, ETC. (IMPRINT) | |
| Place of publication, distribution, etc | Hyderadad |
| Name of publisher, distributor, etc | ( student helpline pvt. LTD. under publication section) |
| Date of publication, distribution, etc | 2010 |
| 270 ## - ADDRESS | |
| Address | S.R. Nagar , hyderbad - 500038. A.P., INDIA |
| City | Hyderadad |
| Postal code | 500038 |
| Electronic mail address | info@studenthelpline.in |
| 300 ## - PHYSICAL DESCRIPTION | |
| Extent | vp. |
| Dimensions | 22cm(hb) |
| 700 ## - ADDED ENTRY--PERSONAL NAME | |
| Personal name | Roopa, Santoshi A |
| 700 ## - ADDED ENTRY--PERSONAL NAME | |
| Personal name | Rawat , Laxmi |
| 942 ## - ADDED ENTRY ELEMENTS (KOHA) | |
| Source of classification or shelving scheme | Dewey Decimal Classification |
| Item type | English Books |
| Classification part | 658.3124 |
| Call number suffix | SAN |
| Withdrawn status | Lost status | Not for loan | Collection code | Home library | Current library | Date acquired | Source of acquisition | Cost, normal purchase price | Full call number | Barcode | Copy number | Cost, replacement price | Koha item type |
|---|---|---|---|---|---|---|---|---|---|---|---|---|---|
| Non-fiction | Bawana | Bawana | 21/07/2022 | DBAD/PUB | 118.00 | 658.3124 SUJ | EN-117924 | 1 | 118.00 | English Books |
